The changing face of central banking (Registro nro. 3287)

Detalles MARC
000 -LEADER
fixed length control field 01416 a2200229 4500
001 - CONTROL NUMBER
control field 40677
005 - DATE AND TIME OF LATEST TRANSACTION
control field 20260407155702.0
008 - FIXED-LENGTH DATA ELEMENTS--GENERAL INFORMATION
fixed length control field 260407a2002 arg spa d
003 - CONTROL NUMBER IDENTIFIER
control field AR-UNSa-BCEJYS
040 ## - CATALOGING SOURCE
Original cataloging agency AR-UNSa-BCEJYS
Language of cataloging spa
Transcribing agency AR-UNSa-BCEJYS
080 ## - UNIVERSAL DECIMAL CLASSIFICATION NUMBER
Universal Decimal Classification number 336.71
Common auxiliary subdivision Bancos. Sistema bancario
020 ## - INTERNATIONAL STANDARD BOOK NUMBER
International Standard Book Number 978-0-521-78025-4
041 ## - LANGUAGE CODE
Language code of text/sound track or separate title spa
100 1# - MAIN ENTRY--PERSONAL NAME
Personal name Siklos, Pierre L.
245 10 - TITLE STATEMENT
Title The changing face of central banking
Name of part/section of a work evolutionary trends since World War II
264 #1 - PRODUCTION, PUBLICATION, DISTRIBUTION, MANUFACTURE, AND COPYRIGHT NOTICE
Place of production, publication, distribution, manufacture Cambridge :
Name of producer, publisher, distributor, manufacturer Cambridge University Press
Date of production, publication, distribution, manufacture, or copyright notice 2002
300 ## - PHYSICAL DESCRIPTION
Extent xix, 347 p.
Dimensions 23 cm.
505 ## - FORMATTED CONTENTS NOTE
Formatted contents note 1. The institutional make-up and evolution of central bank-government relations - 2. Legislation alonse does not a central bank make: political structure, governance, and reputation in monetary policy - 3. Central bank personalities and monetary policy performance - 4. Econometric analysis of central bank behavior: an evolutionary approach - 5. Contrasting quantitative and qualitative assessments of central bank behavior and the evolution of monetary policies - 6. Accountability, disclosure, and conflict resolution - 7. Inflation targets versus other inflation control measures: two sides of the same coin? - 8. The changing face of central banking: epilogue
590 ## - LOCAL NOTE (RLIN)
Local note niveau_biblio:m niveau_hierar:0
856 41 - ELECTRONIC LOCATION AND ACCESS
Uniform Resource Identifier <a href="https://biblioeco.unsa.edu.ar/pmb/images/libros/L126243.jpg">https://biblioeco.unsa.edu.ar/pmb/images/libros/L126243.jpg</a>
Link text Imagen de portada
Electronic format type image/jpeg
942 ## - ADDED ENTRY ELEMENTS (KOHA)
Koha item type
Existencias
Withdrawn status Lost status Damaged status Not for loan Home library Current library Shelving location Date acquired Total checkouts Full call number Barcode Date last seen Price effective from Koha item type
        Biblioteca Prof. Eusebio Cleto del Rey Biblioteca Prof. Eusebio Cleto del Rey   07/04/2026   336.71 S579 L126243 07/04/2026 07/04/2026 Libro